Pricing conduct of spatially differentiated markets. (Record no. 24685)
[ view plain ]
| 000 -LEADER | |
|---|---|
| fixed length control field | 00614cam0a220018100 4500 |
| 001 - CONTROL NUMBER | |
| control field | zam00006332 |
| 008 - FIXED-LENGTH DATA ELEMENTS--GENERAL INFORMATION | |
| fixed length control field | 970717n xx eng u |
| 035 ## - SYSTEM CONTROL NUMBER | |
| System control number | (Sirsi) r136332 |
| 040 ## - CATALOGING SOURCE | |
| Modifying agency | UPRA |
| 100 ## - MAIN ENTRY--PERSONAL NAME | |
| Personal name | Mendoza, Meyra S; Rosegrant, Mark W. |
| Linkage | A108800.1 |
| 245 10 - TITLE STATEMENT | |
| Title | Pricing conduct of spatially differentiated markets. |
| 260 ## - PUBLICATION, DISTRIBUTION, ETC. | |
| Place of publication, distribution, etc. | Washington : |
| Name of publisher, distributor, etc. | IFPRI, |
| Date of publication, distribution, etc. | 1995. |
| 520 ## - SUMMARY, ETC. | |
| Summary, etc. | Proposes a time-series model which directly tests for price conduct. |
| 650 #4 - SUBJECT ADDED ENTRY--TOPICAL TERM | |
| Topical term or geographic name entry element | Pricing. |
| Linkage | S2606.1 |
| 650 #4 - SUBJECT ADDED ENTRY--TOPICAL TERM | |
| Topical term or geographic name entry element | Price policy -- Prices. |
| General subdivision | Price policy -- Prices. |
| Linkage | S82028.1 |
| 949 10 - LOCAL PROCESSING INFORMATION (OCLC) | |
| m | INESOR |
| t | BOOK |
| l | ON-SHELF |
No items available.